00445pam a2200145 a 4500020001500000040000800015082002700023100002500050245007100075260005200146300003500198500002000233650002300253650002300276 a0226437264 cDLC00a574 UNI 1985 A025 Or. 1 aKingsland, Sharon E.10aModeling nature :bepisodes in the history of population ecology / aChicago :bUniversity of Chicago Press,cc1985. aix, 267 p. :bports. ;c24 cm. aIncludes index. 0aPopulation biology 0aPopulation biology